Normal view
MARC view
- تأليف محمد إبراهيم ،مجدي إبراهيم
Entry Personal Name
001 - CONTROL NUMBER
- control field: 34054
003 - CONTROL NUMBER IDENTIFIER
- control field: JO-AjAnu
005 - DATE AND TIME OF LATEST TRANSACTION
- control field: 20230606075716.0
008 - FIXED-LENGTH DATA ELEMENTS
- fixed length control field: 230606|| aca||aabn | a|a d
040 ## - CATALOGING SOURCE
- Original cataloging agency: JO-AjAnu
- Transcribing agency: JO-AjAnu
100 ## - HEADING--PERSONAL NAME
- Personal name: تأليف محمد إبراهيم ،مجدي إبراهيم
670 ## - SOURCE DATA FOUND
- Source citation: Work cat.: (JO-AjAnu)17490: تأليف محمد إبراهيم ،مجدي إبراهيم, author, الظواهر اللغوية في أدب الكتاب لأبن قتيبة (ت 276هـ):دراسة في النحو والصرف والدلالة والأصوات